| 000 | 00564nam a2200241 a 4500 | ||
|---|---|---|---|
| 001 | nice12345678 | ||
| 003 | IN_TiNIC | ||
| 005 | 20260116012611.0 | ||
| 008 | 050524s1979 boma grp 000 0 eng | ||
| 020 |
_a _c60 |
||
| 082 | 0 | 0 |
_a297.09 _bFAQ |
| 100 | _aFaqih, Irfan | ||
| 245 | _aGlimpses of Islamic History | ||
| 260 |
_aBombay _bShalimar Printers _c1979 |
||
| 300 | _a204p | ||
| 500 | _aincludes index and biblioraphy | ||
| 505 | 2 | _aIndex | |
| 650 | _aIslam-History | ||
| 700 | 1 | _aFaqih, Irfan | |
| 902 | _bSRS | ||
| 942 | _cBK | ||
| 999 |
_c7617 _d7617 |
||